| 000 | 00483nam a2200205Ia 4500 | ||
|---|---|---|---|
| 999 |
_c1794 _d1794 |
||
| 003 | 0100 | ||
| 008 | 130227s9999 xx 000 0 und d | ||
| 040 | _cARRUPELIB | ||
| 050 | _aDT450.68.W385 | ||
| 100 |
_aWatt, Nigel _930201 |
||
| 245 | _aBurundi | ||
| 245 | _bbiography of a small African country | ||
| 260 |
_bHurst & Company _aLondon _c2006 |
||
| 300 | _a234p. | ||
| 300 | _b 23 cm | ||
| 650 |
_bBurundi _xHistory _930196 |
||
| 650 |
_bBurundi _xEthnic relations _930189 |
||
| 650 |
_bBurundi _xPolitics _930202 |
||
| 650 |
_bBurundi _xSocial conditions _930203 |
||
| 942 |
_2lcc _012 _cMONOGRAPH |
||